000 00824nas a2200277 4500
001 BR0100776
003 BR-BrBNA
005 20231205102058.0
007 ta
008 230509b bl.|||p| |||| 00| 00por d
040 _aBR-BrBNA
_bpor
_cBiblioteca Nacional de Agricultura
041 _a(Pt)
072 _aL73
100 1 _aBrito, M.A.V.P.
100 1 _aCordeiro, F.M.
100 1 _aCosta, W.A.
100 1 _aFortes, T.O.
245 1 _aCaracterizacao de biotipos de Staphilococcus aureus isolados de mastite bovina
650 _aBovino
650 _aMamite
650 _aOtite
650 _aBiotipo
773 0 _tArquivo Brasileiro de Medicina Veterinaria e Zootecnia (Brazil)
_xISSN 0102-0935
_g(Oct 2000), v. 52(5) p. 425-429
_wBR0100776
909 _a202311
_bLúcia
_c55
_dLúcia Elande
942 _2AGRIS
_n0
_cANA
999 _c165624
_d165624